| 000 | nam a22 7a 4500 | ||
|---|---|---|---|
| 999 |
_c234880 _d234880 |
||
| 005 | 20170331161013.0 | ||
| 008 | 170331b xxu||||| |||| 00| 0 eng d | ||
| 020 | _a0070353417 | ||
| 040 | _c. | ||
| 082 | _aBB-483 | ||
| 100 | _aYoram, Koren | ||
| 245 |
_aComputer Control Of Manufactuting Systems / _cYoram Koren |
||
| 260 |
_aTokyo _bMcGraw Hill _c1983. |
||
| 300 | _a287 p. ; | ||
| 942 |
_2ddc _cBK |
||